Responses for Primetime Celebrity Jeopardy! game #10 - Thursday, January 12, 2023

2022-2023 Primetime Celebrity Jeopardy! quarterfinal game 8.

Contestants

[<< previous game]

Torrey DeVitto, an actor from Huntington, New York

Candace Parker, a basketball player from Naperville, Illinois

Patton Oswalt, a Grammy and Emmy Award-winning comedian from Portsmouth, Virginia

[next game >>]

Jeopardy! Round responses

A TORY PARTY
THE 50 STATES
OTHER FAMOUS VOLUNTEERS
LETTER, PERFECT
PLENTY OF FISH
I LOVE MY DAD
    $100 16
the American Revolution

Patton
    $100 11
a cactus

Patton
    $100 1
[Candace selected the first clue, without explanation.]

Scarlett Johansson

Patton
    $100 23
A

Patton
    $100 26
bass

Torrey
    $100 6
Modern Family

Candace
    $200 17
Lords

Patton
    $200 12
(Candance: What is Chicago? I mean, what is [*]?)

Illinois

Candace
    $200 2
the Salvation Army

Triple Stumper
    $200 24
(Candace: What is... r--... R?)

X

PattonCandace
    $200 27
hammerhead

Torrey
    $200 7
Darth Vader

Patton
    $300 18
(Patton: I blanked. Justin, forgive me.)

Justin Trudeau

Triple Stumper
    $300 13
(Torrey: What is Wisconsin?)
(Candace: What is... Nebraska?)
...
(Mayim: Whew, I'm sweating a little bit. Candace, go ahead.)
(Candance: My parents are from Iowa. They're going to be furious.)
(Mayim: They are going to be furious.)

Iowa

CandaceTorrey
Triple Stumper
    $300 3
Louisiana

Patton
    $800 25
Q

Patton
    $300 28
sardines

Candace
    $300 8
[Candace and Torrey exchange looks indicating they both wished they had won the buzz on this clue.]

Taken

Patton
    $400 19
Churchill

Patton
    $400 14
(Patton: What is New Hampshire?)
(Candance: What is New Jersey?)

Rhode Island

PattonCandace
Triple Stumper
    $400 4
Co-Pilot

Patton
    $400 21
I

Patton
    $400 29
(Candace: What is catfish?)
(Patton: What's tigerfish?)
(Torrey: [Without ringing in] What is a funny-looking fish?)

lionfish

PattonCandace
Triple Stumper
    $400 9
Jimmy Stewart

Patton
    $500 20
the Green Party

Triple Stumper
    $500 15
(Torrey: What is... what is California?)
(Mayim: [Overlapping] That's time.)

Idaho

Torrey
Triple Stumper
    $500 5
the Peace Corps

Patton
    $500 22
(Torrey: What is F?)

D

CandaceTorrey
    $500 30
flounder

Patton
    $500 10
This Is Us

Patton

Scores at the first commercial break (after clue 15):

Patton Candace Torrey
$2,400 -$400 -$800

Scores at the end of the Jeopardy! Round:

Patton Candace Torrey
$4,700 -$200 -$1,000

Double Jeopardy! Round responses

THE MOVIES
TRIANGLES
COLLEGES & UNIVERSITIES
EVERYDAY ITALIAN
THE 20th CENTURY
GLOOMY AUTHORS
    $200 1
Avatar

Patton
    $200 21
the roof

Torrey
    $200 26
the Massachusetts Institute of Technology

Triple Stumper
    $200 11
amore

Torrey
    $200 16
Poland

Patton
    $200 6
pessimism

Patton
    $400 2
Marilyn Monroe

Torrey
    $400 22
a love triangle

Patton
    $400 27
(Candace: What is Cal?)
...
(Mayim: ...my alma mater.)

UCLA (the University of California Los Angeles)

Candace
Triple Stumper
    $400 12
vino

Torrey
    $400 17
Heimlich

Patton
    $400 7
a mushroom cloud

Patton
    $600 3
(Mayim: ...and you're back on the plus side.)
(Candace: Thank God.)

(Heath) Ledger

Candace
    $600 23
(Torrey: Uh--eh--oo--oo--oh, shoot--uh--)
(Mayim: That's time.)
(Torrey: Yeah. Yep.)

racking

PattonTorrey
    $8,600 28
the Pulitzers

Patton
    $600 13
paparazzi

Patton
    $600 18
the Panama Canal

Patton
    $600 8
(Roald) Dahl

Patton
    $800 4
(Charlie) Chaplin

Patton
    $800 24
Purim

Triple Stumper
    $800 29
[A smattering of applause for Candace's correct response]
(Candace: COLLEGES & UNIVERSITIES for $1000. You guys can clap. Clap. Whatever. You guys can clap.)
[Applause]

(Cornelius) Vanderbilt

Candace
    $800 14
al fresco

Patton
    $800 19
McKinley

Triple Stumper
    $800 9
Lovecraft

Patton
    $1000 5
Parasite

Patton
    $4,300 25
(Patton: What is the [*] triangle?)

Bermuda

Patton
    $1000 30
(Patton: My alma mater.)
(Mayim: Wow.)
(Patton: Take that, Mayim!)
(Mayim: Well, Cal is our rival. That's why I took it so seriously.)

the College of William & Mary

Patton
    $1000 15
(Candace: What is ceramics?)

terra cotta

Candace
Triple Stumper
    $1000 20
the Hindenburg

Patton
    $1000 10
(Mayim: Yes, and you ran that category. Well done!)
[Applause]
(Patton: Thank you, GLOOMY AUTHORS.)

Samuel Beckett

Patton

Scores at the Double Jeopardy! Round commercial break (after clue 15):

Patton Candace Torrey
$11,100 -$600 $0

Scores at the end of the Double Jeopardy! Round:

Patton Candace Torrey
$28,200 -$200 -$400

Triple Jeopardy! Round

WE'VE GOT CHEMISTRY
EXPLOSIVE MUSIC
"MIS"INFORMATION
(Mayim: Each response will start with "M-I-S".)
THEY CAME TO AMERICA
PENINSULAS
O CANADA
(Mattea Roach: I'm Jeopardy! superchamp Mattea Roach with clues about my home and native land of Canada.)
    $300 6
salt

Patton
    $300 1
BTS

Triple Stumper
    $300 16
mistletoe

Torrey
    $300 11
Afghanistan

Patton
    $300 21
Arabia

Triple Stumper
    $300 26
a maple leaf

Patton
    $600 7
water

Patton
    $600 2
Bruno Mars

Torrey
    $600 17
miscasting

Torrey
    $600 12
Mexico

Patton
    $600 22
Baja (California)

Candace
    $600 27
Cirque du Soleil

Torrey
    $10,000 8
zero

Patton
    $900 3
(Mayim: ...and I never knew that's what he was saying until now.)
(Torrey: Nor did I.)

Elton John

Torrey
    $500 18
a mistrial

Torrey
    $900 13
gas stations

Triple Stumper
    $900 23
Iberia

Triple Stumper
    $900 28
Alanis Morissette

Torrey
    $1200 9
(Candace: Clap. I'm in the positive. ... I'm not gonna answer anything else.)
[Applause]

periodic table

Candace
    $1200 4
the Black Eyed Peas

Patton
    $1200 19
Misbehavin'

Patton
    $1200 14
Martha's Vineyard

Triple Stumper
    $600 24
Michigan

Candace
    $1200 29
insulin

Torrey
    $1500 10
molecules

Triple Stumper
    $1500 5
the Runaways

Patton
    $1500 20
(Patton: What is a "mis-SIVE"?)
(Mayim: Yes. It might be pronounced "MIS-siv", but I'm not sure!)

missive

Patton
    $1500 15
Buttigieg

Triple Stumper
    $1500 25
Denmark

Triple Stumper
    $1500 30
the Mounties (the RCMP, the Royal Canadian Mounted Police)

Patton

Scores at the end of the Triple Jeopardy! Round:

Patton Candace Torrey
$47,200 $2,200 $5,200
(lock game)

[wagering suggestions for these scores]

Final Jeopardy! Round responses

CORPORATE MASCOTS
(Mayim: The U.S. Navy points out that while Crunch has explored many a cereal bowl, he actually wears the rank of a U.S. Navy commander, but he calls himself "Cap'n".)
CandaceWho is
$240
TorreyWho is I have no clue?
$2,000
PattonWho is Cap'n Crunch
$7,200
Cap'n Crunch

Final scores:

Patton Candace Torrey
$54,400 $1,960 $3,200
Winner: semifinalist 3rd place: $30,000 to Mamba & Mambacita Sports Foundation 2nd place: $30,000 to Planned Parenthood

Game dynamics:

Coryat scores:

Patton Candace Torrey
$26,300 $2,800 $5,600
47 R
(including 4 DDs),
2 W
9 R
(including 1 DD),
6 W
14 R
(including 1 DD),
4 W

Combined Coryat: $34,700

[game clues] [game scores] [suggest correction]

Game tape date: 2022-11-06
The J! Archive is created by fans, for fans. Scraping, republication, monetization, and malicious use prohibited; this site may use cookies and collect identifying information. See terms. The Jeopardy! game show and all elements thereof, including but not limited to copyright and trademark thereto, are the property of Jeopardy Productions, Inc. and are protected under law. This website is not affiliated with, sponsored by, or operated by Jeopardy Productions, Inc. Join the discussion at JBoard.tv.